Housing repair cost guide 2004 (Record no. 103823)

MARC details
000 -LEADER
fixed length control field 01646cam a2200409 4500
001 - CONTROL NUMBER
control field L127768
008 - FIXED-LENGTH DATA ELEMENTS--GENERAL INFORMATION
fixed length control field 041020n2004 000 0 eng u
020 ## - INTERNATIONAL STANDARD BOOK NUMBER
International Standard Book Number 1904829104
035 ## - SYSTEM CONTROL NUMBER
System control number (Sirsi) u127768
041 ## - LANGUAGE CODE
Language code of text/sound track or separate title eng
050 ## - LIBRARY OF CONGRESS CALL NUMBER
Classification number 692.5
-- 18
110 ## - MAIN ENTRY--CORPORATE NAME
Corporate name or jurisdiction name as entry element Building Cost Information Service
9 (RLIN) 1096
245 ## - TITLE STATEMENT
Title Housing repair cost guide 2004
260 ## - PUBLICATION, DISTRIBUTION, ETC.
Place of publication, distribution, etc. London
Name of publisher, distributor, etc. Building Cost Information Service
Date of publication, distribution, etc. 2004
300 ## - PHYSICAL DESCRIPTION
Extent 479p. ; 30cm.
350 ## - PRICE (NR) (BK AM CF MU VM SE) [OBSOLETE]
Price 125
505 ## - FORMATTED CONTENTS NOTE
Formatted contents note Introduction
505 ## - FORMATTED CONTENTS NOTE
Formatted contents note C5 - the exterior
505 ## - FORMATTED CONTENTS NOTE
Formatted contents note C6 - the interior
505 ## - FORMATTED CONTENTS NOTE
Formatted contents note D1 - the services
505 ## - FORMATTED CONTENTS NOTE
Formatted contents note D2 - drainage
505 ## - FORMATTED CONTENTS NOTE
Formatted contents note D3 - the site
505 ## - FORMATTED CONTENTS NOTE
Formatted contents note C1 - movement
505 ## - FORMATTED CONTENTS NOTE
Formatted contents note C2 - timber defects
505 ## - FORMATTED CONTENTS NOTE
Formatted contents note C3 - dampness
505 ## - FORMATTED CONTENTS NOTE
Formatted contents note C4 - insulation
505 ## - FORMATTED CONTENTS NOTE
Formatted contents note Supplementary pricing information
505 ## - FORMATTED CONTENTS NOTE
Formatted contents note Addenda
520 ## - SUMMARY, ETC.
Summary, etc. Aims to provide surveyors with an independent source of information on how much typical defects identified in a residential survey will cost to remedy. Designed for ease of use when carrying out surveys. No measurements are required as the costs are divided by type of house such as terraced or detached, and by general size such as small, medium or large. No calculations are needed as the costs are for complete items as one-off jobs including VAT. The works have been categorised in accordance with the RICS Homebuyer Survey and Valuation.
650 ## - SUBJECT ADDED ENTRY--TOPICAL TERM
Topical term or geographic name entry element HOUSING REPAIR
650 ## - SUBJECT ADDED ENTRY--TOPICAL TERM
Topical term or geographic name entry element REPAIR COSTS
650 ## - SUBJECT ADDED ENTRY--TOPICAL TERM
Topical term or geographic name entry element REPAIR WORK
650 ## - SUBJECT ADDED ENTRY--TOPICAL TERM
Topical term or geographic name entry element RICS HOMEBUYER SURVEY AND VALUATION
690 ## - LOCAL SUBJECT ADDED ENTRY--TOPICAL TERM (OCLC, RLIN)
Topical term or geographic name as entry element BUILDING AND CONSTRUCTION-REPAIRS AND MAINTENANCE
942 ## - ADDED ENTRY ELEMENTS (KOHA)
Suppress in OPAC 0
Holdings
Withdrawn status Lost status Source of classification or shelving scheme Damaged status Not for loan Home library Current library Shelving location Date acquired Cost, normal purchase price Total Checkouts Full call number Barcode Date last seen Copy number Cost, replacement price Price effective from Koha item type
    Dewey Decimal Classification     London London Basement 08/12/2004 125.00   ENQUIRY DESK 30069776 06/08/2019 1 125.00 06/08/2019 Reference material
    Dewey Decimal Classification     London London Basement 08/12/2004 125.00   ENQUIRY DESK 30069784 06/08/2019 2 125.00 06/08/2019 Reference material